01424naa a2200205 i 45000010005000000030009000050050017000140080039000310400021000701000126000912450189002176550030004067000182004367000128006187000122007467000123008687730199009919420013011909990015012039397KOSZ 00520180509083917.0140512s1996 pl f |000 0 pol cBPKdKOSZ 005/EG1 aCZYŻNIEWSKI, Andrzej.d1996 - .bPolitechnika Koszalińska - Wydział Mechaniczny,cKatedra Inżynierii Materiałowej10aWarstwy azotku węgla otrzymywane metodami rozpylania magnetronowego i katodowego odparowania łukowego /cA. Czyżniewski, P. Myśliński, M. Pancielejko, W. Precht, W. Walkowiak. 0aMateriały konferencyjne.1 aMYŚLIŃSKI, Piotr.d1996 - .bPolitechnika Koszalińska - Instytut Mechatroniki, Nanotechnologii i Techniki Próżniowej,cZakład Projektowania Materiałów i Procesów1 aPANCIELEJKO, Mieczysław.d1996 - .bPolitechnika Koszalińska - Wydział Mechaniczny,cKatedra Inżynierii Materiałowej1 aPRECHT, Witold.d1996 - 2003.bPolitechnika Koszalińska - Wydział Mechaniczny,cKatedra Inżynierii Materiałowej1 aWALKOWIAK, Wiesław.d1996 - .bPolitechnika Koszalińska - Wydział Mechaniczny,cKatedra Inżynierii Materiałowej0 iW :tMateriały III Ogólnopolskiej Konferencji Naukowej "Obróbka Powierzchniowa", Częstochowa-Kule. -dCzęstochowa : Wydaw. Uczelniane Politechniki Częstochowskiej, 1996. -gs. 406-413 cROZ2UKD c9397d9397